| 000 | 01070nam0a22002771 4500 | ||
|---|---|---|---|
| 001 | rc\4450271 | ||
| 005 | 20260407024542.0 | ||
| 021 |
_aRU _b[58-53601] |
||
| 035 | _a(NLR Aleph) 008586355 | ||
| 090 |
_a8616773 _c8616773 |
||
| 100 | _a20130416d1958 |||y0rusy50 ca | ||
| 101 | 0 | _arus | |
| 102 | _aRU | ||
| 105 | _aa b ||||| | ||
| 200 | 1 |
_aИскусство Палеха в музеях РСФСР _eКаталог _fМ-во культуры РСФСР. Упр. музеев и охраны памятников |
|
| 210 |
_aМосква _cБ. и. _d1958 |
||
| 215 |
_a52 с., 25 л. ил. _d22 |
||
| 300 | _aНа обороте тит. л. сост.: Н.Н. Голованов | ||
| 606 |
_aПалехская миниатюра _xМузейные собрания _yРСФСР _2psbo |
||
| 702 | 1 |
_aГолованов _bН.Н. _4220 |
|
| 712 | 0 | 1 |
_aРСФСР _bУпр. музеев и охраны памятников _9518047 _3RU\NLR\AUTH\8810010179 |
| 801 | 0 |
_aRU _bNLR _gpsbo |
|
| 801 | 1 |
_aRU _bELAR _2rusmarc |
|
| 852 |
_aNLR _j58-6/7803 |
||
| 942 | _cBOOK | ||
| 980 | _aNB | ||